Island (Record no. 29359)

MARC details
000 -LEADER
fixed length control field 00243nam a2200109Ia 4500
082 ## - DEWEY DECIMAL CLASSIFICATION NUMBER
Classification number 82-3
Item number HUX;1
100 ## - MAIN ENTRY--AUTHOR NAME
Personal name Huxley, Aldous
245 #0 - TITLE STATEMENT
Title Island
260 ## - PUBLICATION, DISTRIBUTION, ETC. (IMPRINT)
Place of publication Herts
Name of publisher Triad;1976
942 ## - ADDED ENTRY ELEMENTS (KOHA)
Koha item type Books
Holdings
Withdrawn status Lost status Damaged status Not for loan Home library Current library Date acquired Cost, normal purchase price Full call number Accession Number Koha item type
        RRII Library RRII Library 16/12/2021 14.60 82-3 HUX;1 09946 Books